<?xml version="1.0" encoding="UTF-8"?>
<marc:record xmlns:marc="http://www.loc.gov/MARC21/slim">
   <marc:leader>00000nam a2200000 a 4500</marc:leader>
   <marc:datafield ind1="1" ind2=" " tag="100">
      <marc:subfield code="a">Möller, Hildegard</marc:subfield>
      <marc:subfield code="4">aut</marc:subfield>
      <marc:subfield code="e">Verfasser/-in</marc:subfield>
   </marc:datafield>
   <marc:datafield ind1=" " ind2=" " tag="653">
      <marc:subfield code="a">Mann</marc:subfield>
   </marc:datafield>
   <marc:datafield ind1=" " ind2=" " tag="653">
      <marc:subfield code="a">Frau</marc:subfield>
   </marc:datafield>
   <marc:datafield ind1=" " ind2=" " tag="653">
      <marc:subfield code="a">Softcover</marc:subfield>
   </marc:datafield>
   <marc:datafield ind1=" " ind2=" " tag="653">
      <marc:subfield code="a">Karte</marc:subfield>
   </marc:datafield>
   <marc:datafield ind1=" " ind2=" " tag="653">
      <marc:subfield code="a">Tagebücher</marc:subfield>
   </marc:datafield>
   <marc:datafield ind1=" " ind2=" " tag="653">
      <marc:subfield code="a">Biografien</marc:subfield>
   </marc:datafield>
   <marc:datafield ind1="0" ind2="0" tag="245">
      <marc:subfield code="a">Die Frauen der Familie Mann</marc:subfield>
   </marc:datafield>
   <marc:datafield ind1="0" ind2="0" tag="245">
      <marc:subfield code="c">Hildegard Möller</marc:subfield>
   </marc:datafield>
   <marc:datafield ind1=" " ind2="1" tag="264">
      <marc:subfield code="a">München</marc:subfield>
      <marc:subfield code="b">Piper</marc:subfield>
      <marc:subfield code="c">2004</marc:subfield>
   </marc:datafield>
   <marc:datafield ind1="1" ind2=" " tag="520">
      <marc:subfield code="a">Waren die Frauen des Hauses Mann glücklich? Sie waren reich geboren und bald berühmt, Mitglieder einer Familie, die in Deutschland wie eine Dynastie bewundert wurde, und verkehrten international mit den wichtigsten Menschen ihrer Zeit. Dennoch: Keine von ihnen vermochte aus dem Schatten Thomas Manns zu treten. Alle konkurrierten sie um die Anerkennung und Liebe des großen &gt;Zauberers&lt;, so unterschiedlich ihre Biographien auch verliefen: Da war Katia, Herrin der Familie und Dienerin ihres Mannes; die &gt;wilde Erika&lt;, immer für einen Skandal gut, ob mit ihrem Mann Gustaf Gründgens zusammen oder mit ihrem Bruder Klaus; Monika, vergebens um Anerkennung bemüht; und Elisabeth, &gt;das Kindchen&lt;, die doch die selbständigste von allen war ... Den &gt;Roman einer Familie&lt; erzählt Hildegard Möller aus den Quellen heraus, aus Briefen, Tagebüchern, literarischen Zeugnissen.</marc:subfield>
   </marc:datafield>
   <marc:datafield ind1=" " ind2=" " tag="020">
      <marc:subfield code="a">9783492045667</marc:subfield>
      <marc:subfield code="9">9783492045667</marc:subfield>
   </marc:datafield>
   <marc:datafield ind1=" " ind2=" " tag="020">
      <marc:subfield code="a">3492045669</marc:subfield>
      <marc:subfield code="9">3492045669</marc:subfield>
   </marc:datafield>
   <marc:datafield ind1=" " ind2=" " tag="041">
      <marc:subfield code="a">ger</marc:subfield>
   </marc:datafield>
   <marc:datafield ind1=" " ind2=" " tag="300">
      <marc:subfield code="a">418, [16] S.</marc:subfield>
   </marc:datafield>
</marc:record>
